000 01054nam a2200289Ia 4500
001 G4890
003 IT-RoPAU
008 130308s9999 xx 000 0 und d
040 _aIT-RoPAU
040 _cIT-RoPAU
041 _aITALIANO
100 _aArgentieri Simona
100 _gCodice Aut. SPICS: 17648
245 _aPresente di un'illusione (Il)
245 _bMicromega, Almanacco di Filosofia (2/2000)
250 _a1a ed.
260 _aROMA
260 _bEditoriale L'Espresso
260 _c2000 [1° Ed.:2000 - Ed.Ling.Originale:2000]
300 _a"9 p. (prefazione: no ; testo: 9 [pagine: 219-227])"
500 _aReligione Alla Luce della Psicanalisi: è necessario Rifiutare le Illusioni Consolatorie e Trovare Invece radici nella Morale Laica. Maturità e Proprio Il riconoscimento dell'Altro. Colpa, Onnipotenza, Immortalità. Laici, Atei e Agnostici. Umano e Sublime. Esclusiva della Spiritualita'.
650 _aPASTORALE E CULTURE
650 _eCodice materia Spics: 9302
942 _cBK
957 _71
999 _c77443
_d77443
999 _g1